[Event "SF Bremer Osten-USC Magdeburg"]
[Site "Greifswald"]
[Date "2013.09.14"]
[Round "5.1"]
[White "Nguyen Manh, Hoang"]
[Black "Marach, Jonas"]
[Result "1-0"]
[WhiteElo "1760"]
[BlackElo "1641"]
[PlyCount "77"]
[EventDate "2013.??.??"]
[WhiteTeam "USC Magdeburg"]
[BlackTeam "SF Bremer Osten"]

1. e4 g6 2. d4 d6 3. f4 c6 4. Nf3 d5 5. e5 h5 6. Bd3 Nh6 7. Nh4 Bg4 8. Qd2 Qd7
9. Qf2 Bf5 10. Nxf5 Nxf5 11. Nd2 a5 12. Nf3 Na6 13. Bd2 Nc7 14. O-O-O e6 15. h3
Bb4 16. g4 Ng7 17. Rhf1 Bxd2+ 18. Rxd2 O-O-O 19. Nh4 hxg4 20. hxg4 Qe7 21. Ng2
Rh2 22. f5 gxf5 23. gxf5 Qg5 24. Kd1 Kb8 25. fxe6 fxe6 26. Qf6 Qh5+ 27. Be2 Qh8
28. Ne3 Nh5 29. Qe7 Ng3 30. Rf7 Rc8 31. Nf1 Rh1 32. Rf3 Qh5 33. Qf7 Qh4 34. Rf2
Qh3 35. Rd3 Qh4 36. c3 Nf5 37. Rdf3 Qe4 38. Bd3 Ne3+ 39. Ke2 1-0

[Event "SF Bremer Osten-USC Magdeburg"]
[Site "Greifswald"]
[Date "2013.09.14"]
[Round "5.2"]
[White "Cegielka, Michael"]
[Black "Geue, Niklas"]
[Result "1-0"]
[WhiteElo "1647"]
[BlackElo "1699"]
[PlyCount "113"]
[EventDate "2013.??.??"]
[WhiteTeam "SF Bremer Osten"]
[BlackTeam "USC Magdeburg"]

1. e4 e6 2. d4 d5 3. exd5 exd5 4. Nf3 Nf6 5. Be2 Bd6 6. O-O O-O 7. Bg5 Bf5 8.
Nc3 c6 9. Bd3 Bg4 10. h3 Bh5 11. Bf5 Bg6 12. Bxg6 hxg6 13. Re1 Nbd7 14. Qd2 Qc7
15. Re2 b5 16. Rae1 b4 17. Na4 Ne4 18. Qd3 a5 19. c4 bxc3 20. Nxc3 Bb4 21. Bd2
Ndf6 22. Ne5 Nxd2 23. Rxd2 Ne4 24. Rc2 Qd6 25. Nxe4 dxe4 26. Rxe4 Qd5 27. a3
Bd6 28. Rxc6 f6 29. Qc4 Qxc4 30. Nxc4 Bb8 31. a4 Rd8 32. Nb6 Ra6 33. d5 Be5 34.
b4 axb4 35. Rxb4 Kf7 36. Rbc4 Rb8 37. Rb4 Rd8 38. f4 Bb8 39. Kf1 Bd6 40. Rbc4
Bb8 41. Ke2 Ke8 42. Re4+ Kf7 43. Rc8 Rxc8 44. Nxc8 f5 45. Rc4 Ke8 46. d6 Bxd6
47. Nxd6+ Rxd6 48. a5 Ra6 49. Rc5 Kd7 50. Kd3 Kd6 51. Kd4 Ra8 52. Rb5 Ke7 53.
Kc5 Rc8+ 54. Kb6 Rc4 55. a6 Rxf4 56. a7 Ra4 57. Ra5 1-0

[Event "SF Bremer Osten-USC Magdeburg"]
[Site "Greifswald"]
[Date "2013.09.14"]
[Round "5.3"]
[White "Fahsel, Nico"]
[Black "Genath, Daniel"]
[Result "0-1"]
[WhiteElo "1580"]
[BlackElo "1459"]
[PlyCount "74"]
[EventDate "2013.??.??"]
[WhiteTeam "USC Magdeburg"]
[BlackTeam "SF Bremer Osten"]

1. e4 e6 2. d4 d5 3. Nc3 Bb4 4. e5 f6 5. Bd3 g6 6. Nf3 c5 7. a3 Bxc3+ 8. bxc3
fxe5 9. Nxe5 c4 10. Be2 Nd7 11. f4 Ngf6 12. O-O Ne4 13. Qe1 Ndf6 14. g4 Qa5 15.
Rf3 Bd7 16. g5 Nh5 17. Bxc4 Rc8 18. Bd3 Qxc3 19. Qxc3 Nxc3 20. Rh3 Ne4 21. c4
Rf8 22. Bxe4 dxe4 23. Kf2 Bc6 24. Rh4 b5 25. Nxc6 Rxc6 26. cxb5 Rc3 27. Ke2 Rf3
28. Rb1 Ke7 29. b6 axb6 30. Rxb6 Rc8 31. Rb1 Rc2+ 32. Ke1 e3 33. Kd1 Rg2 34.
Ke1 e2 35. Kd2 Rd3+ 36. Kxd3 e1=Q 37. a4 Qe2+ 0-1

[Event "SF Bremer Osten-USC Magdeburg"]
[Site "Greifswald"]
[Date "2013.09.14"]
[Round "5.4"]
[White "Oleskow, Jan Christian"]
[Black "Wiese, Tobias"]
[Result "1-0"]
[WhiteElo "1385"]
[BlackElo "1314"]
[PlyCount "91"]
[EventDate "2013.??.??"]
[WhiteTeam "SF Bremer Osten"]
[BlackTeam "USC Magdeburg"]

1. e4 e6 2. d4 d5 3. e5 c5 4. c3 Nc6 5. Nf3 Qb6 6. a3 a5 7. Bd3 Bd7 8. Bc2 f6
9. Ba4 fxe5 10. Bxc6 Bxc6 11. dxe5 Ne7 12. O-O Nf5 13. Ng5 Bb5 14. Re1 g6 15.
Qg4 h5 16. Qd1 d4 17. Ne4 Bg7 18. Ng3 Nxg3 19. fxg3 O-O 20. Bf4 dxc3 21. Nxc3
Ba6 22. Qd6 Qxd6 23. exd6 Kf7 24. Rad1 Rad8 25. Rd2 Rd7 26. Ne4 Bd4+ 27. Be3
Bxe3+ 28. Rxe3 Kg7 29. Rf3 Rxf3 30. gxf3 b6 31. Kf2 Bb7 32. Nc3 Bc6 33. Ke3 Kf6
34. Ne4+ Bxe4 35. Kxe4 g5 36. f4 gxf4 37. Kxf4 e5+ 38. Ke4 Ke6 39. Rd5 c4 40.
Rxe5+ Kxd6 41. Rd5+ Kc6 42. Rxd7 Kxd7 43. Kd4 b5 44. Kc5 Ke6 45. Kxb5 Kf5 46.
h3 1-0

[Event "Greifswalder SV-SV Bad Schwartau"]
[Site "Greifswald"]
[Date "2013.09.14"]
[Round "5.1"]
[White "Reinhardt, Johannes"]
[Black "Altenstein, Benjamin"]
[Result "1-0"]
[WhiteElo "1792"]
[BlackElo "1345"]
[PlyCount "49"]
[EventDate "2013.??.??"]
[WhiteTeam "SV Bad Schwartau"]
[BlackTeam "Greifswalder SV"]

1. e4 c6 2. d4 d5 3. Nc3 Nd7 4. exd5 cxd5 5. Nxd5 e6 6. Nc3 Bb4 7. Nf3 Qa5 8.
Bd2 Ngf6 9. a3 Bxc3 10. Bxc3 Qb6 11. Bd3 O-O 12. O-O Rd8 13. Qd2 Qc7 14. Qg5 b6
15. Rfe1 Bb7 16. Ne5 Nxe5 17. dxe5 Nd7 18. Qh4 h6 19. Re3 Qc6 20. Rg3 Kf8 21.
Qg4 g5 22. Qh5 Kg7 23. h4 Rg8 24. Rf3 Raf8 25. hxg5 1-0

[Event "Greifswalder SV-SV Bad Schwartau"]
[Site "Greifswald"]
[Date "2013.09.14"]
[Round "5.2"]
[White "Altenstein, Jonas"]
[Black "Rost, Henning"]
[Result "0-1"]
[WhiteElo "1221"]
[BlackElo "1622"]
[PlyCount "122"]
[EventDate "2013.??.??"]
[WhiteTeam "Greifswalder SV"]
[BlackTeam "SV Bad Schwartau"]

1. e4 d5 2. exd5 Qxd5 3. Nc3 Qd6 4. d4 Nf6 5. Nf3 c6 6. Bc4 Bg4 7. Be3 e6 8. h3
Bh5 9. g4 Bg6 10. Ne5 Be7 11. Nxg6 hxg6 12. f4 Nd5 13. Bxd5 cxd5 14. Qd2 Bh4+
15. Bf2 Bxf2+ 16. Qxf2 Nc6 17. O-O-O O-O-O 18. Qf3 Kb8 19. Rhf1 a6 20. a3 Rh4
21. Rd3 Rdh8 22. Rh1 Ka8 23. Ne2 Na5 24. Qg3 Nc4 25. Rb3 Qc7 26. Qe1 Qe7 27.
Rb4 Ne3 28. Ng1 Nxg4 29. Qg3 Nf6 30. Ne2 Ne4 31. Qg2 Rc8 32. Ng3 Rxf4 33. Nxe4
Rxe4 34. Rd1 Qh4 35. Qf3 Qf4+ 36. Qxf4 Rxf4 37. Rh1 Rf2 38. c3 Ka7 39. Rd1 b6
40. a4 Kb7 41. a5 b5 42. Rd3 Rh8 43. Kb1 Rf1+ 44. Ka2 Rh4 45. Kb3 Rhf4 46. Rg3
R1f3 47. Rg2 Rxh3 48. Rg1 Rh5 49. Ra1 g5 50. Rg1 g4 51. Rg3 Rh3 52. Rg2 g3 53.
Ka3 Rf2 54. Rg1 g2 55. Re1 Rh1 56. Rxh1 gxh1=Q 57. Kb3 Qc1 58. Rxb5+ axb5 59.
Kb4 Qxb2+ 60. Kc5 Qxc3+ 61. Kd6 Qc7# 0-1

[Event "Greifswalder SV-SV Bad Schwartau"]
[Site "Greifswald"]
[Date "2013.09.14"]
[Round "5.3"]
[White "Saß, Patrick"]
[Black "Rosenstock, Ruben"]
[Result "1-0"]
[WhiteElo "1598"]
[BlackElo "928"]
[PlyCount "57"]
[EventDate "2013.??.??"]
[WhiteTeam "SV Bad Schwartau"]
[BlackTeam "Greifswalder SV"]

1. Nf3 Nc6 2. b3 d5 3. Bb2 Bf5 4. e3 e6 5. Bb5 Qd7 6. Ne5 Qd6 7. d4 Nge7 8. Ba3
Qd8 9. Bxe7 Bxe7 10. Nxc6 bxc6 11. Bxc6+ Kf8 12. Bxa8 Bb4+ 13. c3 Bxb1 14. cxb4
Bxa2 15. Rxa2 Qxa8 16. Qc2 Qb7 17. Qc5+ Ke8 18. Rxa7 Qb6 19. Ra8+ Kd7 20. Qxb6
Rxa8 21. Qb5+ Kd8 22. O-O Ke7 23. h3 h5 24. Rc1 g5 25. Rxc7+ Kf6 26. Qd7 g4 27.
Qxf7+ Kg5 28. h4+ Kh6 29. Qxe6# 1-0

[Event "Greifswalder SV-SV Bad Schwartau"]
[Site "Greifswald"]
[Date "2013.09.14"]
[Round "5.4"]
[White "Finke, Adrian"]
[Black "Kagel, Jan-Malte"]
[Result "0-1"]
[WhiteElo "1050"]
[BlackElo "1175"]
[PlyCount "120"]
[EventDate "2013.??.??"]
[WhiteTeam "Greifswalder SV"]
[BlackTeam "SV Bad Schwartau"]

1. e4 d5 2. Nc3 dxe4 3. Nxe4 e5 4. Nf3 Nc6 5. Bb5 Bd7 6. d3 f6 7. a3 a6 8. Ba4
Bd6 9. c3 Nge7 10. d4 exd4 11. cxd4 Nf5 12. g4 Nfe7 13. h3 Ng6 14. Nxd6+ cxd6
15. d5 Nce5 16. Nd4 Qa5+ 17. b4 Qxa4 18. Qxa4 Bxa4 19. Ne6 Kf7 20. Be3 Bb3 21.
Rg1 Nf3+ 22. Kf1 Nxg1 23. Kxg1 Bxd5 24. Nc7 Bc6 25. Nxa8 Rxa8 26. f4 Re8 27.
Bd2 Re2 28. Bc1 Re1+ 29. Kf2 Rh1 30. f5 Ne5 31. g5 Nd3+ 32. Ke3 Rxc1 33. g6+
hxg6 34. fxg6+ Kxg6 35. Rxc1 Nxc1 36. Kd2 Nb3+ 37. Kc3 Kg5 38. Kxb3 Kh4 39. a4
Kxh3 40. Kc4 g5 41. b5 axb5+ 42. axb5 Bxb5+ 43. Kxb5 g4 44. Kb6 g3 45. Kxb7 g2
46. Kc7 g1=Q 47. Kd7 Kg4 48. Ke6 f5 49. Kd5 f4 50. Ke4 Qe3+ 51. Kd5 f3 52. Kc6
f2 53. Kd5 f1=R 54. Kc6 Qc5+ 55. Kd7 Kf5 56. Ke7 Ke5 57. Kd7 d5 58. Ke8 Kd6 59.
Kd8 Qc7+ 60. Ke8 Qe7# 0-1